Etats des Etats-Unis par abréviations postales - Statistiques

Statistiques générales
  • Ce quiz a été pris 64 fois
  • Le résultat moyen est 32 sur 50
Statistiques - réponses
Hint Réponse % Correct
AL Alabama
92%
AR Arkansas
89%
AZ Arizona
87%
CA Californie
82%
TX Texas
76%
UT Utah
76%
FL Floride
74%
KS Kansas
74%
NY New York
74%
OK Oklahoma
74%
OR Oregon
74%
IL Illinois
71%
IN Indiana
71%
NV Nevada
71%
OH Ohio
71%
AK Alaska
68%
CO Colorado
68%
ID Idaho
68%
MI Michigan
68%
NJ New Jersey
68%
WA Washington
68%
WI Wisconsin
68%
NC Caroline du Nord
66%
SC Caroline du Sud
66%
IA Iowa
66%
KY Kentucky
66%
WY Wyoming
66%
ND Dakota du Nord
63%
SD Dakota du Sud
63%
DE Delaware
63%
MN Minnesota
63%
TN Tennessee
63%
HI Hawaï
61%
MT Montana
61%
NH New Hampshire
61%
RI Rhode island
61%
GA Géorgie
58%
NM Nouveau Mexique
58%
PA Pennsylvanie
58%
CT Connecticut
55%
ME Maine
55%
VT Vermont
55%
NE Nebraska
53%
VA Virginie
53%
MS Mississippi
50%
LA Louisiane
47%
WV Virginie-Occidentale
47%
MA Massachusetts
45%
MO Missouri
45%
MD Maryland
37%
Aucun quiz correspondant
Distribution des résultats
% des personnes avec chaque résultat
Percentile par nombre de réponses
Votre historique - résultats
Vous n’avez pas pris ce quiz